Historia de la restauración / (Registro nro. 12745)
[ vista simple ]
| 000 -LIDER | |
|---|---|
| fixed length control field | 00855nam a22002657a 4500 |
| 003 - IDENTIFICACDOR DE NÚMERO DE CONTROL | |
| control field | DO-SdBNP |
| 005 - DATE AND TIME OF LATEST TRANSACTION | |
| control field | 20210427121334.0 |
| 008 - ELEMENTOS DE LONGITUD FIJA | |
| fixed length control field | 171101b 1987 dr 00| 0 spa d |
| 020 ## - ISBN | |
| International Standard Book Number | 8484000222 |
| 040 ## - FUENTE DE CATALOGACIÓN | |
| Agencia que crea de manera original el registro | BPMSU |
| Idioma de catalogación | spa |
| Agencia que realiza la transcripción | BPMSU |
| 082 ## - NÚMERO DE CLASIFICACIÓN DECIMAL DE DEWEY | |
| Classification number | 972.9304 |
| Item number | A669h |
| Edition number | 22 |
| 100 1# - ASIENTO PRINCIPAL -- NOMBRE PERSONAL | |
| Nombre personal | Archambault, Pedro María, |
| Fechas asociadas con el nombre | 1862-1944 |
| 245 10 - MENCIÓN DE TITULO | |
| Título | Historia de la restauración / |
| Mención de responsabilidad | Pedro María Archambault |
| 250 ## - MENCIÓN DE EDICION | |
| Mención de edición | 5a ed. |
| 260 ## - PUBLICACIÓN, DISTRIBUCIÓN, ETC. (PIE DE IMPRENTA) | |
| Lugar de publicación, distribución, etc | Santo Domingo : |
| Nombre del editor, distribuidor, etc. | Taller, |
| Fecha de publicación, distribución, etc | 1987 |
| 300 ## - DESCRIPCIÓN FÍSICA | |
| Extensión | 352 p. : |
| Otros detalles físicos | il., retrs. ; |
| Dimensiones | 21 cm. |
| 490 0# - MENCIÓN DE SERIES | |
| Mención de serie | Biblioteca Taller |
| Volume/sequential designation | 20 |
| 500 ## - NOTA GENERAL | |
| Nota general | Incluye datos biográficos del autor en la contracubierta |
| 500 ## - NOTA GENERAL | |
| Nota general | Incluye ídice |
| 590 ## - NOTA LOCAL | |
| Enlace | Inventariado, 2021/VM |
| 651 #4 - ENCABEZAMIENTO DE MATERIA--NOMBRE GEOGRÁFICO | |
| Nombre geográfico | República Dominicana |
| Subdivisión temática general | Historia |
| Subdivisión cronológica | Restauración*1863-1865 |
| 942 ## - ADDED ENTRY ELEMENTS (KOHA) | |
| Source of classification or shelving scheme | Dewey Decimal Classification |
| Koha item type | Libros |
| 945 ## - INFORMACIÓN DE PROCESAMIENTO LOCAL | |
| Información de procesamiento local | Inventariado, 2018 /LP |
| 956 ## - LOCAL ELECTRONIC LOCATION AND ACCESS (OCLC) | |
| Nombre de host | BTAVAREZ |
| Número de acceso | 10 |
| Información de compresión | 20170111 |
| Trayectoria | 0038 |
| Withdrawn status | Lost status | Source of classification or shelving scheme | Damaged status | Not for loan | Collection code | Home library | Current library | Date acquired | Full call number | Barcode | Date last seen | Price effective from | Koha item type | Copy number |
|---|---|---|---|---|---|---|---|---|---|---|---|---|---|---|
| Dewey Decimal Classification | Colección Dominicana | Biblioteca Pública Metropolitana Salomé Ureña | Biblioteca Pública Metropolitana Salomé Ureña | 11/01/2017 | BPMSU CD 972.9304 A669h 1987 | BPMSU17110017 | 11/01/2017 | 11/01/2017 | Libros | |||||
| Dewey Decimal Classification | Colección Dominicana | Biblioteca Pública Metropolitana Salomé Ureña | Biblioteca Pública Metropolitana Salomé Ureña | 04/27/2021 | BPMSU CD 972.9304 A669h 1987 | BPMSU21040046 | 04/27/2021 | 04/27/2021 | Libros | e.2 |